قضية فلسطين ،;; Qaḍīyat Filasṭīn / (Record no. 79301)
[ view plain ]
| 000 -LEADER | |
|---|---|
| fixed length control field | 00909cam a2200253u 4500 |
| 001 - CONTROL NUMBER | |
| control field | 79301 |
| 003 - CONTROL NUMBER IDENTIFIER | |
| rucl marc code | BD-RjUL |
| 005 - DATE AND TIME OF LATEST TRANSACTION | |
| control field | 20220201111556.0 |
| 008 - FIXED-LENGTH DATA ELEMENTS--GENERAL INFORMATION | |
| fixed length control field | 840703s1947 ua b 000 0 ara |
| 035 ## - SYSTEM CONTROL NUMBER | |
| System control number | (BD-RjUL)79301 |
| 040 ## - CATALOGING SOURCE | |
| Original cataloging agency | DLC |
| Transcribing agency | CarP |
| Modifying agency | DLC |
| Language of cataloging | eng |
| 041 ## - LANGUAGE CODE | |
| Language code of text/sound track or separate title | eng |
| 082 ## - DEWEY DECIMAL CLASSIFICATION NUMBER | |
| Edition number | 23 |
| Classification number | 956.49 |
| Author mark and year | PAQ 1947 |
| 100 ## - MAIN ENTRY--PERSONAL NAME | |
| Personal name | باشا، محمد رفعت،;; Pasha, Muhammad Refaat, |
| 9 (RLIN) | 1048 |
| 245 00 - TITLE STATEMENT | |
| Title | قضية فلسطين ،;; Qaḍīyat Filasṭīn / |
| Statement of responsibility, etc. | محمد رفعت، (باشا، ;; Muhammad Refaat, (Pasha, |
| 260 ## - PUBLICATION, DISTRIBUTION, ETC. (IMPRINT) | |
| Place of publication, distribution, etc. | Miṣr, |
| Name of publisher, distributor, etc. | Dar al muaref , |
| Date of publication, distribution, etc. | [1947] |
| 300 ## - PHYSICAL DESCRIPTION | |
| Pagination | 118 p. |
| Illustrations | folded map |
| Size | 17 cm. |
| 500 ## - GENERAL NOTE | |
| General note | Romanized. |
| 651 #0 - SUBJECT ADDED ENTRY--GEOGRAPHIC NAME | |
| Geographic name | Palestine |
| General subdivision | History |
| Chronological subdivision | Partition, 1947. |
| 9 (RLIN) | 1049 |
| Geographic name | Palestine |
| General subdivision | History |
| Chronological subdivision | 1929-1948. |
| 9 (RLIN) | 1050 |
| 710 2# - ADDED ENTRY--CORPORATE NAME | |
| Corporate name or jurisdiction name as entry element | Hayʼah al-ʻArabīyah al-ʻUlyā li-Filasṭīn. |
| 9 (RLIN) | 1051 |
| Corporate name or jurisdiction name as entry element | Eltaher Collection (Library of Congress) |
| Institution to which field applies | DLC |
| 9 (RLIN) | 1052 |
| 942 ## - ADDED ENTRY ELEMENTS (KOHA) | |
| Source of classification or shelving scheme | Dewey Decimal Classification |
| Koha item type | Books |
| Lost status | Source of classification or shelving scheme | Damaged status | Not for loan | Collection code | Permanent Location | Current Location | Shelving location | Date acquired | Total Checkouts | Full call number | Date last seen | Copy number | Koha item type |
|---|---|---|---|---|---|---|---|---|---|---|---|---|---|
| Dewey Decimal Classification | Not For Loan | Non-fiction | Central Library, University of Rajshahi | Central Library, University of Rajshahi | Reading Room | 01/02/2022 | A 956.49 PAQ 1947 | 01/02/2022 | C-1 | Books |